00831nam a22002177a 4500999001900000005001700019010001300036020002600049035001300075037000900088082001200097100002300109245008300132260002300215270010800238300002400346500003700370700002000407942002600427952016000453 c181919d18191920211008153239.0 aB-741721 c379.00a9789352869336 aB-741721 bGift a320.954 aAbhay Prasad Singh aGovernment Issues and Challenges /cBy Abhay Prasad Singh [and] Krishna Murari aU.PbPearsonc2018 a Plot-1 Block-C, Sector-16bNoidae201301k08030461060l08030461003mcompanysecretary.india@pearson.com axiv370p.c22cm(pbk) aIncludes index and bibliography  a Krishna Murari 2ddccENh320.954mABH 001040708NFICaAVbAVd2021-10-08eGift/4.10.2021g379.00l1m1o320.954 ABHpB-741721r2022-11-30 00:00:00s2022-11-01t1v379.00w2021-10-08yENzGift